Dívčí válka /
Fantasy román amerického autora časově předchází příběhu zloděje Kinche - s korvidnicí Galvou se vrací do období skřetích válek.
Uloženo v:
| Série: | Černojazyk,
část 0 |
|---|---|
| Hlavní autor: | |
| Další autoři: | |
| Médium: | E-kniha |
| Jazyk: | Czech |
| Vydáno: |
Praha :
Dobrovský s.r.o.,
2026
|
| Edice: | Fobos
|
| Témata: | |
| Příbuzné jednotky: | Navazuje na::
Zloděj Černojazyk Z cyklu:: Černojazyk |
| Tagy: |
Žádné tagy |
| LEADER | 02787nam a2200469 i 4500 | ||
|---|---|---|---|
| 001 | 312952 | ||
| 003 | CZ PrSKC | ||
| 005 | 20260601215731.0 | ||
| 007 | ta | ||
| 008 | 260416s2026 xr g 000 f cze | ||
| 015 | |a cnb003751461 | ||
| 020 | |a 9788027760299 |q (vázáno) : |c Kč 599,00 | ||
| 040 | |a ABG001 |b cze |e rda | ||
| 041 | 1 | |a cze |h eng | |
| 072 | 7 | |a 821.111(73)-3 |x Americká próza |2 Konspekt | |
| 080 | |a 821.111(73)-31 |2 MRF | ||
| 080 | |a (0:82-312.9) |2 MRF | ||
| 100 | 1 | |a Buehlman, Christopher, |d 1969- |7 xx0147905 |4 aut | |
| 240 | 1 | 0 | |a Daughters' war. |l Česky |
| 245 | 1 | 0 | |a Dívčí válka / |c Christopher Buehlman ; přeložila Alžběta Kalinová |
| 264 | 1 | |a Praha : |b Dobrovský s.r.o., |c 2026 | |
| 300 | |a 402 stran ; |c 21 cm | ||
| 336 | |a text |b txt |2 rdacontent | ||
| 337 | |a bez média |b n |2 rdamedia | ||
| 338 | |a svazek |b nc |2 rdacarrier | ||
| 490 | 1 | |a Fobos | |
| 500 | |a Přeloženo z angličtiny | ||
| 520 | 2 | |a Fantasy román amerického autora časově předchází příběhu zloděje Kinche - s korvidnicí Galvou se vrací do období skřetích válek. |b Galva - pro své tři bratry, z nichž dva zabijí skřeti, Galvicha - se vzepřela přání své rodiny a narukovala k nové a neprověřené jednotce zvané Krkavčí rytíři. Ta si to šine na kdysi krásné město zaplavené skřetí armádou. Doprovází je ohromní bojoví korvidi. Tito děsiví ptáci stvoření tou nejčernější magií možná představují onu klíčovou zbraň, která skřety zastaví ve válečném tažení a zabrání jim podmanit si celé lidstvo. Cesta k vítězství je krvavá a skřeti jsou mazaní a krutí. Krkavčí rytíři se nemohou opřít o žádnou jistotu - ani rodinné vazby, ani moudrost velitelů, ani vlastní bezpečí před nebezpečnými ptačími společníky. Některé naděje však stojí za jakékoli riziko. Nakladatelská anotace. Kráceno. | |
| 655 | 7 | |a americké romány |7 fd131796 |2 czenas | |
| 655 | 7 | |a fantasy romány |7 fd184199 |2 czenas | |
| 655 | 9 | |a American fiction |2 eczenas | |
| 655 | 9 | |a fantasy novels |2 eczenas | |
| 700 | 1 | |a Kalinová, Alžběta |7 xx0144933 |4 trl | |
| 710 | 2 | |a Dobrovský (firma) |7 olak2017946581 |4 pbl | |
| 787 | 0 | 8 | |i Navazuje na: |t Zloděj Černojazyk |
| 787 | 0 | 8 | |i Z cyklu: |t Černojazyk |g 0 |
| 830 | 0 | |a Fobos | |
| 900 | |a ABG001 |b 19 | ||
| 044 | |a xr | ||
| 910 | |a RBIT002 | ||
| 998 | |d 426198 |a https://core.palmknihy.cz/api/books/426198/cover?tdkn93 |b https://core.palmknihy.cz/api/books/426198/cover/400?tdkn93 |c https://core.palmknihy.cz/api/books/426198/cover/50?tdkn93 |e 2029-09-05 |g 408 |i 9788027760299 |j https://core.palmknihy.cz/api/books/426198/preview.epub |k https://core.palmknihy.cz/api/books/426198/preview.pdf |l |q 49 |r 1 |s https://www.palmknihy.cz/kniha/426198 |t ebook |y 2026 |z 0 |v Černojazyk |w 2 | ||
| 999 | |d 312950 | ||